00357nam a2200145Ia 4500003000400000008004100004040001600045082001300061100001900074245004100093260003000134300001000164650001500174650002200189GCL140319s9999 xx 000 0 eng d aGCL / cGCL04a843bB M1 aBOSQUET, ALAIN10aLE METIER D'OTAGE / cBOSQUET, ALAIN a[S.N] : bFOLIO ، c1994 a148 P04aLITERATURE04aFRENCH LITERATURE